MARC

Tag First Indicator Second Indicator Subfields
LEADER 00000cam a22000004a 4500
001 in00002733765
005 20151202144553.0
008 111205s2012 txu b 001 0beng c
010 |a  2011049776 
020 |a 9781603446648 (cloth : alk. paper) 
020 |a 1603446648 (cloth : alk. paper) 
020 |a 9781603440585 (e-book) 
020 |a 1603440585 (e-book) 
035 |a (OCoLC)ocn768126319 
040 |a TXA/DLC  |c DLC  |d TXA  |d UtOrBLW 
042 |a pcc 
043 |a n-us-tx 
049 |a TXAM 
050 0 0 |a CC115.S74  |b S74 2012 
082 0 0 |a 930.1028/04092  |a B  |2 23 
100 1 |a Steffy, Loren C. 
245 1 4 |a The man who thought like a ship /  |c Loren C. Steffy. 
250 |a 1st ed. 
264 1 |a College Station :  |b Texas A&M University Press,  |c [2012] 
264 4 |c ©2012 
300 |a 196 pages, 32 unnumbered pages of plates :  |b illustrations ;  |c 25 cm. 
336 |a text  |b txt  |2 rdacontent 
337 |a unmediated  |b n  |2 rdamedia 
338 |a volume  |b nc  |2 rdacarrier 
490 1 |a Ed Rachal Foundation nautical archaeology series 
504 |a Includes bibliographical references and index. 
505 0 |a Crooked Aleppo -- Dreams in paper and paste -- Short circuits -- The ships begin to speak -- Pieces of the puzzle -- "You're crazy! You'll starve to death" -- The reconstructor -- A dream in jeopardy -- Man's failure as a thinking animal -- Zoe's garage -- Settling into Mecca -- Studies in mud, charcoal, and bronze -- Genius and despair -- The laughter of Aristides -- The voyage ends -- Epilogue. 
600 1 0 |a Steffy, J. Richard  |q (John Richard),  |d 1924-2007. 
610 2 0 |a Institute of Nautical Archaeology (U.S.)  |x History  |y 20th century. 
610 2 0 |a Institute of Nautical Archaeology (U.S.)  |x History  |y 21st century. 
610 2 0 |a American Institute of Nautical Archaeology  |x History. 
650 0 |a Marine archaeologists  |z Texas  |v Biography. 
650 0 |a Underwater archaeology. 
830 0 |a Ed Rachal Foundation nautical archaeology series. 
948 |a cataloged  |b h  |c 2012/3/27  |d c  |e dmitchel  |f 12:00:00 pm 
994 |a C0  |b TXA 
999 |a MARS 
999 f f |s 8083b3f1-9ba0-3ef6-bc55-70d69d0d84ab  |i 76135846-4755-31eb-bc56-337f655b6f37  |t 0 
952 f f |p noncirc  |a Texas A&M University  |b College Station  |c Sterling C. Evans Library  |d Bodrum (located in Turkey)  |t 0  |e CC115.S74 S74 2012  |h Library of Congress classification  |i unmediated -- volume 
952 f f |p noncirc  |a Texas A&M University  |b College Station  |c Sterling C. Evans Library  |d Bodrum (located in Turkey)  |t 0  |e CC115.S74 S74 2012  |h Library of Congress classification  |i unmediated -- volume 
952 f f |p 4_hour  |a Texas A&M University  |b College Station  |c Sterling C. Evans Library  |d Evans: Media and Reserves (Evans 1st floor)  |t 0  |e CC115.S74 S74 2012  |h Library of Congress classification  |i unmediated -- volume  |m A14839524779 
998 f f |a CC115.S74 S74 2012  |t 0  |l Evans: Library Stacks 
998 f f |a CC115.S74 S74 2012  |t 0  |l Bodrum (located in Turkey)